Mario & Luigi Bosses Quiz - Statistics

General Stats
  • This quiz has been taken 138 times
  • The average score is 57 of 133
Answer Stats
Game Level Boss % Correct
Mario & Luigi: Superstar Saga Peach's Castle Bowser
95%
Mario & Luigi: Bowser's Inside Story Mushroom Kingdom Bowser
95%
Mario & Luigi: Bowser's Inside Story Toad Town Bowser
95%
Mario & Luigi: Dream Team Dream's Deep Bowser & Antasma
95%
Mario & Luigi: Dream Team Dreamy Neo Bowser Castle Giant Bowser
95%
Mario & Luigi: Dream Team Battle Ring Bowser X & Antasma X
95%
Mario & Luigi: Bowser's Inside Story Challenge Node Bowser X
95%
Mario & Luigi: Superstar Saga Koopa Cruiser Fawful
75%
Mario & Luigi: Superstar Saga Bowser's Castle Fawful
75%
Mario & Luigi: Superstar Saga Woohoo Hooniversity Cackletta
66%
Mario & Luigi: Dream Team Battle Ring Bowser Jr.
66%
Mario & Luigi: Superstar Saga Bowser's Castle Roy Koopa
65%
Mario & Luigi: Superstar Saga Bowser's Castle Wendy O. Koopa
65%
Mario & Luigi: Bowser's Inside Story Airway Dark Star
63%
Mario & Luigi: Bowser's Inside Story Challenge Node Dark Star X
63%
Mario & Luigi: Superstar Saga Bowser's Castle Iggy Koopa
63%
Mario & Luigi: Superstar Saga Bowser's Castle Lemmy Koopa
63%
Mario & Luigi: Superstar Saga Bowser's Castle Ludwig von Koopa
63%
Mario & Luigi: Superstar Saga Bowser's Castle Morton Koopa Jr.
63%
Mario & Luigi: Dream Team Pi'illo Island Antasma
62%
Mario & Luigi: Dream Team Dream World Antasma
62%
Mario & Luigi: Dream Team Battle Ring Antasma X
62%
Mario & Luigi: Superstar Saga Bowser's Castle Larry Koopa
61%
Mario & Luigi: Superstar Saga Chucklehuck Woods Wiggler
61%
Mario & Luigi: Bowser's Inside Story Dimble Wood Wiggler
61%
Mario & Luigi: Dream Team Wakeport Wiggler & Popple
61%
Mario & Luigi: Partners in Time Yoshi's Island Kamek
59%
Mario & Luigi: Dream Team Dreamy Neo Bowser Castle Kamek
59%
Mario & Luigi: Dream Team Dreamy Neo Bowser Castle Kamek
59%
Mario & Luigi: Dream Team Dreamy Neo Bowser Castle Kamek
59%
Mario & Luigi: Superstar Saga Chucklehuck Woods Popple
57%
Mario & Luigi: Partners in Time Princess Peach's Castle Statue (Past) Princess Shroob
56%
Mario & Luigi: Bowser's Inside Story Cavi Cape Midbus
56%
Mario & Luigi: Bowser's Inside Story Bowser Castle Midbus
56%
Mario & Luigi: Partners in Time Hollijolli Village Shroobs
56%
Mario & Luigi: Partners in Time Hollijolli Village Shroobs
56%
Mario & Luigi: Bowser's Inside Story Bowser Castle Shroobs
56%
Mario & Luigi: Bowser's Inside Story Peach's Castle Dark Fawful
52%
Mario & Luigi: Dream Team Dreamy Neo Bowser Castle Dreamy Bowser
51%
Mario & Luigi: Partners in Time Princess Peach's Castle Statue (Past) Elder Princess Shroob
51%
Mario & Luigi: Superstar Saga Bowser's Castle Bowletta
49%
Mario & Luigi: Superstar Saga Bowser's Castle Cackletta's Soul
49%
Mario & Luigi: Partners in Time Gritzy Caves Petey Piranha
49%
Mario & Luigi: Paper Jam Sunbeam Plains Petey Piranha
49%
Mario & Luigi: Partners in Time Princess Peach's Castle (Past) Baby Bowser
46%
Mario & Luigi: Bowser's Inside Story Bowser Castle Fawful Express
46%
Mario & Luigi: Bowser's Inside Story Dimble Wood Bowser's Castle
44%
Mario & Luigi: Superstar Saga Chateau de Chucklehuck Popple & Rookie
44%
Mario & Luigi: Superstar Saga Woohoo Hooniversity Basement Popple & Rookie
44%
Mario & Luigi: Superstar Saga Beanbean Castle Queen Bean
44%
Mario & Luigi: Bowser's Inside Story Peach's Castle Super Peach's Castle
43%
Mario & Luigi: Paper Jam Gloomy Woods King Boo
42%
Mario & Luigi: Dream Team Dreamy Somnom Woods Zeekeeper
42%
Mario & Luigi: Partners in Time Princess Peach's Castle Shrowser
41%
Mario & Luigi: Paper Jam Neo Bowser Castle Bowser & Paper Bowser
39%
Mario & Luigi: Bowser's Inside Story Peach's Castle Blizzard Midbus
39%
Mario & Luigi: Superstar Saga Teehee Valley Popple & Birdo
39%
Mario & Luigi: Partners in Time Thwomp Caverns Bowser & Baby Bowser
38%
Mario & Luigi: Paper Jam Sunbeam Plains Paper Petey Piranha
38%
Mario & Luigi: Partners in Time Vim Factory Swiggler
38%
Mario & Luigi: Dream Team Mount Pajamaja Mount Pajamaja
37%
Mario & Luigi: Partners in Time Thwomp Volcano Mrs. Thwomp
37%
Mario & Luigi: Dream Team Mushrise Park Grobot
35%
Mario & Luigi: Dream Team Battle Ring Grobot X
35%
Mario & Luigi: Bowser's Inside Story Challenge Node Junker X
35%
Mario & Luigi: Bowser's Inside Story Peach's Castle Garden Junker
35%
Mario & Luigi: Superstar Saga Stardust Fields Tolstar
35%
Mario & Luigi: Bowser's Inside Story Blubble Lake Tower of Yikk
35%
Mario & Luigi: Paper Jam Twinsy Tropics Wendy & Roy
35%
Mario & Luigi: Paper Jam Neo Bowser Castle Wendy & Roy
35%
Mario & Luigi: Dream Team Dreamy Wakeport Big Massif
34%
Mario & Luigi: Dream Team Battle Ring Big Massif X
34%
Mario & Luigi: Paper Jam Arcade Dry Bowser
34%
Mario & Luigi: Bowser's Inside Story Challenge Node Wisdurm X
34%
Mario & Luigi: Paper Jam Mount Brrr King Bob-omb
34%
Mario & Luigi: Paper Jam Twinsy Tropics Ludwig & Larry
34%
Mario & Luigi: Paper Jam Neo Bowser Castle Ludwig & Larry
34%
Mario & Luigi: Bowser's Inside Story Energy Hold Wisdurm
34%
Mario & Luigi: Bowser's Inside Story Peach's Castle Dark Bowser & Dark Star Core Fawful
33%
Mario & Luigi: Bowser's Inside Story Plack Beach Broque Monsieur
33%
Mario & Luigi: Paper Jam Neo Bowser Castle Shiny RoboBowser
33%
Mario & Luigi: Partners in Time Star Shrine Elder Shrooboid
33%
Mario & Luigi: Dream Team Dreamy Driftwood Shore Elite Trio
33%
Mario & Luigi: Dream Team Battle Ring Elite Trio X
33%
Mario & Luigi: Bowser's Inside Story Flab Zone Alpha Kretin
32%
Mario & Luigi: Paper Jam Bowser's Castle Bowser Jr. & Paper Bowser Jr.
32%
Mario & Luigi: Bowser's Inside Story Memory Banks Bowser Memory M & L
32%
Mario & Luigi: Partners in Time Star Hill Commander Shroob
32%
Mario & Luigi: Bowser's Inside Story Nerve Cluster Durmite
32%
Mario & Luigi: Bowser's Inside Story Challenge Node Alpha Kretin X
32%
Mario & Luigi: Bowser's Inside Story Challenge Node Bowser Memory MLX
32%
Mario & Luigi: Bowser's Inside Story Challenge Node Durmite X
32%
Mario & Luigi: Dream Team Battle Ring Pi'illodium X
32%
Mario & Luigi: Paper Jam Neo Bowser Castle Kamek & Paper Kamek
32%
Mario & Luigi: Superstar Saga Beanbean Int'l Airport Runway Mom Piranha
32%
Mario & Luigi: Dream Team Somnom Woods Pi'illodium
32%
Mario & Luigi: Dream Team Dreamy Pi'illo Castle Dreamy Mario
30%
Mario & Luigi: Dream Team Battle Ring Mammoshka X
30%
Mario & Luigi: Dream Team Mount Pajamaja Mammoshka
30%
Mario & Luigi: Paper Jam Doop Doop Dunes Big Pokey & Paper Tower Power Pokey
29%
Mario & Luigi: Bowser's Inside Story Plack Beach Broggy
29%
Mario & Luigi: Dream Team Dreamy Wakeport Earthwake
29%
Mario & Luigi: Superstar Saga Gwarhar Lagoon Hermie III
29%
Mario & Luigi: Dream Team Battle Ring Torkscrew X
29%
Mario & Luigi: Partners in Time Princess Peach's Castle Junior Shrooboid
29%
Mario & Luigi: Partners in Time Koopaseum Shrooboid Brat
29%
Mario & Luigi: Partners in Time Yoob's Belly Sunnycide
29%
Mario & Luigi: Dream Team Dozing Sands Torkscrew
29%
Mario & Luigi: Superstar Saga Hoohoo Mountain Summit Dragohoho
28%
Mario & Luigi: Superstar Saga Hoohoo Mountain Hoohooros
28%
Mario & Luigi: Superstar Saga Joke's End Jojora & Jojora's Friend
28%
Mario & Luigi: Paper Jam Neo Bowser Castle Morton, Iggy & Lemmy
28%
Mario & Luigi: Paper Jam Neo Bowser Castle Papercraft Bowser
28%
Mario & Luigi: Paper Jam Gloomy Woods Paper Kamek & Wiggler
28%
Mario & Luigi: Dream Team Dreamy Dozing Sands Robo-Drilldigger
28%
Mario & Luigi: Paper Jam Mount Brrr Papercraft Bowser Jr.
27%
Mario & Luigi: Paper Jam Doop Doop Dunes Papercraft Kamek
27%
Mario & Luigi: Superstar Saga Chucklehuck Woods Chuckolator
25%
Mario & Luigi: Paper Jam Bowser's Castle Papercraft King Boo (Morton & Lemmy)
25%
Mario & Luigi: Superstar Saga NE Beanbean Piranha Bean
25%
Mario & Luigi: Bowser's Inside Story Flame Pipe Scutlet
25%
Mario & Luigi: Dream Team Pi'illo Castle Smoldergeist
25%
Mario & Luigi: Dream Team Dreamy Wakeport Sorrow Fist
25%
Mario & Luigi: Dream Team Dreamy Wakeport Beef Cloud
24%
Mario & Luigi: Bowser's Inside Story Plack Beach Chakron
24%
Mario & Luigi: Dream Team Dreamy Wakeport Heavy Zest
23%
Mario & Luigi: Partners in Time Vim Factory L33t Hamm3r Broz.
22%
Mario & Luigi: Dream Team Dreamy Wakeport Thunder Sass
22%
Mario & Luigi: Superstar Saga Teehee Valley Trunkle
22%
Mario & Luigi: Bowser's Inside Story Plack Beach Stone Blooper
20%
Mario & Luigi: Paper Jam Sunbeam Plains Papercraft Megacrinkle Goomba
19%
Mario & Luigi: Dream Team Pi'illo Blimport Fly Guy R Thieves
15%
Mario & Luigi: Paper Jam Doop Doop Dunes Chargin' Chuck Brigade
14%
No matching quizzes found
Score Distribution
Percent of People with Each Score
Percentile by Number Answered
Your Score History
You have not taken this quiz